| 000 | 00749nam a22002777a 4500 | ||
|---|---|---|---|
| 001 | 00264 | ||
| 003 | DO-SdBNP | ||
| 005 | 20160715161749.0 | ||
| 007 | 00264 | ||
| 008 | 151207b 1996 sp 0| 0 spa d | ||
| 020 | _a | ||
| 040 |
_aBPMSU _bspa _cBPMSU |
||
| 041 |
_aspa _h |
||
| 092 |
_axxxxx _bxxxxx |
||
| 100 | 1 |
_aStine, R. L., _d1943- |
|
| 240 | 1 | 0 | _a |
| 245 |
_aPesadillas : _b¡Invisibles! / R.L. Stine ; traducción, Concha Pérez / _cR. L. Stine ; traducción Carme Camps |
||
| 260 |
_aBarcelona : _bEdiciones B, _c1996 |
||
| 300 |
_a143 p. ; _c19 cm. |
||
| 490 | 1 |
_aPesadillas _v8 |
|
| 700 | 1 | 2 |
_a Pérez, Concha _dtr. |
| 830 | 0 |
_aPesadillas _v8 |
|
| 910 | _a00260 | ||
| 942 |
_2ddc _cBK |
||
| 956 |
_aVMATEO _b10 _c20160815 _dBPMSU _f00069 |
||
| 999 |
_c10910 _d10910 |
||